Istoria dell'Inghilterra dall'invasione di Giulio Cesare fino a Giacomo II / (Record no. 157759)

MARC details
000 -LEADER
campo de control de longitud fija 00920nam a22001815i 4500
001 - NÚMERO DE CONTROL
campo de control 157759
003 - IDENTIFICADOR DE NÚMERO DE CONTROL
campo de control ES-MaACL
005 - FECHA Y HORA DE LA ÚLTIMA TRANSACCIÓN
campo de control 20230906210836.0
008 - DATOS DE LONGITUD FIJA--INFORMACIÓN GENERAL
campo de control de longitud fija 040813s1840 mm |||| | ita d
040 ## - FUENTE DE CATALOGACIÓN
Centro catalogador/agencia de origen CAM
Lengua de catalogación spa
Centro/agencia transcriptor CAM
100 1# - ENTRADA PRINCIPAL--NOMBRE DE PERSONA
Nombre de persona Lingard, John.
9 (RLIN) 128960
245 10 - MENCIÓN DEL TÍTULO
Título Istoria dell'Inghilterra dall'invasione di Giulio Cesare fino a Giacomo II /
Mención de responsabilidad, etc. del Dr. Lingard; compendiata e continuata fino a Guglielmo IV anno 1835 da P. Sadler; tradotta dall'inglese dagli editori del corrieri maltese Salvat. Constanzo e Salvat. Tornambene; corredata da una carta topografica dell'Inghilterra conteneunte le divisioni antiche e moderne.
260 ## - PUBLICACIÓN, DISTRIBUCIÓN, ETC.
Lugar de publicación, distribución, etc. Malta :
Nombre del editor, distribuidor, etc. [s.n.],
Fecha de publicación, distribución, etc. 1840 (
Fabricante Tipografia di Luigi Tonna)
300 ## - DESCRIPCIÓN FÍSICA
Extensión 2 v. (VIII, 606, VII p., [1] h. pleg. de mapa; 562, [2], VI p.) ;
Dimensiones 19 cm.
651 04 - PUNTO DE ACCESO ADICIONAL DE MATERIA--NOMBRE GEOGRÁFICO
Nombre geográfico Gran Bretaña-
Subdivisión general Historia.
9 (RLIN) 8752
700 11 - ENTRADA AGREGADA--NOMBRE PERSONAL
Nombre de persona Sadler, P.
9 (RLIN) 132265
852 ## - LOCALIZACIÓN
Ubicación ES-MaACL
Número de control de estantería G-10020-21
Nota libre -- Enc. hol.
Holdings
Estatus retirado Estado de pérdida Estado de daño No para préstamo Colección Biblioteca de origen Biblioteca actual Ubicación en estantería Fecha de adquisición Total de préstamos Signatura topográfica completa Código de barras Visto por última vez Precio de reemplazo Tipo de ítem Koha
        Libros del s. XIX Biblioteca del Ateneo de Madrid Biblioteca del Ateneo de Madrid Sala Pecera Planta 3 17/01/2008   G-10020-21 1165095 23/02/2023 23/02/2023 Libro impreso antiguo